00316 2200133 4500001002100000005001500021035002000036245005200056260003000108082000800138084001200146990001200158990001200170INLIS00000000000262620250605030542 a0010-0625000212 aBermain Dengan Pengetahuan /cHans Jurgan Press aBandung :bAngkasa,c2002 a600 a600 BER a0320139 a0320140